000 00886nam a2200193Ii 4500
003 JO-AjNU
008 230605s9999||||xx |||||||||||||| ||und||
040 _aJO-AjNU
_bara
_erda
_cJO-AjNU
041 _aara
050 1 4 _aLG431 2012
100 3 _aالجامعة الاردنية؛ تقديم محمد عدنان البخيت؛ إعداد ابراهيم علي العبادي... وآخرون,
_eauthor
_946128
245 0 0 _aدليل الإنتاج العلمي للعاملين في الجامعة الأردنية 1988-2011 م، الجزء الأول
264 3 1 _aعمان: الجامعة الاردنية، 2012
300 _aج1، 607ص
336 _atext
_btxt
_2rdacontent
337 _aunmediated
_bn
_2rdamedia
338 _avolume
_bnc
_2rdacarrier
650 4 _aالاردن - الجامعة الاردنية - الانتاج العلمي للعاملين 1988 -2011م
_946129
999 _aA20045
_c23613
_d23613